000 00620nam a22001337a 4500
040 _cRUA
082 _aAGR SON 2019 B1-598 Or.
100 _aSONG SOPHEAK,សុង សុភ័ក
245 _aEFFECT OF WATER HYACINTH RATES IN STRAW ON GROWTH OF STRAW MUSHROOM,ឥទ្ធិពលនៃអត្រាកំប្លោកក្នុងចំប៉ើងទៅលើការលូតលាស់ផ្សិតចំប៉ើង
260 _aphnom penh
_brua
_c2019
300 _aix.42p.
_bill.
_c29cm.
856 _uhttps://drive.google.com/file/d/1b-xpAcreNv6Cw3MiwEhNlZe6ZFRDwGGA/view?usp=sharing
942 _cAGR
999 _c21831
_d21831